Catholic University of Zimbabwe Library
Online Public Access Catalogue
(OPAC)

Jacques Rancière (Record no. 33821)

MARC details
000 -LEADER
fixed length control field 03366nam a22003857a 4500
001 - CONTROL NUMBER
control field 102099
003 - CONTROL NUMBER IDENTIFIER
control field KnowledgeUnlatched
005 - DATE AND TIME OF LATEST TRANSACTION
control field 20210303105153.0
006 - FIXED-LENGTH DATA ELEMENTS--ADDITIONAL MATERIAL CHARACTERISTICS
fixed length control field m o d
007 - PHYSICAL DESCRIPTION FIXED FIELD--GENERAL INFORMATION
fixed length control field cr u||||||||||
008 - FIXED-LENGTH DATA ELEMENTS--GENERAL INFORMATION
fixed length control field 210129p20092019ncu o u00| u eng d
037 ## - SOURCE OF ACQUISITION
Institution to which field applies BiblioBoard
020 ## - INTERNATIONAL STANDARD BOOK NUMBER
International Standard Book Number 9781478090977
029 1# - OTHER SYSTEM CONTROL NUMBER (OCLC)
OCLC library identifier https://library.biblioboard.com/ext/api/media/b68a768c-aab0-4192-a1f0-7fd18a8c6228/assets/thumbnail.jpg
040 ## - CATALOGING SOURCE
Original cataloging agency ScCtBLL
Transcribing agency ScCtBLL
245 00 - TITLE STATEMENT
Title Jacques Rancière
Remainder of title History, Politics, Aesthetics /
Statement of responsibility, etc. Phillip Watts, Kristin Ross, Alain Badiou, Gabriel Rockhill.
264 #1 - PRODUCTION, PUBLICATION, DISTRIBUTION, MANUFACTURE, AND COPYRIGHT NOTICE
Name of producer, publisher, distributor, manufacturer Duke University Press,
300 ## - PHYSICAL DESCRIPTION
Extent 1 online resource (370 p.)
506 0# - RESTRICTIONS ON ACCESS NOTE
Terms governing access Access copy available to the general public.
Standardized terminology for access restriction Unrestricted
Source of term star
520 ## - SUMMARY, ETC.
Summary, etc. The French philosopher Jacques Rancière has influenced disciplines from history and philosophy to political theory, literature, art history, and film studies. His research into nineteenth-century workers' archives, reflections on political equality, critique of the traditional division between intellectual and manual labor, and analysis of the place of literature, film, and art in modern society have all constituted major contributions to contemporary thought. In this collection, leading scholars in the fields of philosophy, literary theory, and cultural criticism engage Rancière's work, illuminating its originality, breadth, and rigor, as well as its place in current debates. They also explore the relationships between Rancière and the various authors and artists he has analyzed, ranging from Plato and Aristotle to Flaubert, Rossellini, Auerbach, Bourdieu, and Deleuze. The contributors to this collection do not simply elucidate Rancière's project; they also critically respond to it from their own perspectives. They consider the theorist's engagement with the writing of history, with institutional and narrative constructions of time, and with the ways that individuals and communities can disturb or reconfigure what he has called the "distribution of the sensible." They examine his unique conception of politics as the disruption of the established distribution of bodies and roles in the social order, and they elucidate his novel account of the relationship between aesthetics and politics by exploring his astute analyses of literature and the visual arts. In the collection's final essay, Rancière addresses some of the questions raised by the other contributors and returns to his early work to provide a retrospective account of the fundamental stakes of his project.
588 0# - SOURCE OF DESCRIPTION NOTE
Source of description note Description based on print version record.
590 ## - LOCAL NOTE (RLIN)
Local note KU Select 2018: HSS Backlist Books
650 #7 - SUBJECT ADDED ENTRY--TOPICAL TERM
Topical term or geographic name entry element Philosophy / Political
Source of heading or term bisacsh
650 #0 - SUBJECT ADDED ENTRY--TOPICAL TERM
Topical term or geographic name entry element Philosophy
655 #0 - INDEX TERM--GENRE/FORM
Genre/form data or focus term Electronic books.
700 1# - ADDED ENTRY--PERSONAL NAME
Personal name Watts, Phillip
Relator term editor.
700 1# - ADDED ENTRY--PERSONAL NAME
Personal name Ross, Kristin
Relator term editor,
-- editor.
700 1# - ADDED ENTRY--PERSONAL NAME
Personal name Badiou, Alain
Relator term editor.
700 1# - ADDED ENTRY--PERSONAL NAME
Personal name Rockhill, Gabriel
Relator term editor.
758 ## -
-- Is found in:
-- Knowledge Unlatched
-- https://openresearchlibrary.org/module/2774bc74-146a-484f-a7ba-ab1d6a09bbfb
856 40 - ELECTRONIC LOCATION AND ACCESS
Uniform Resource Identifier <a href="https://openresearchlibrary.org/content/b68a768c-aab0-4192-a1f0-7fd18a8c6228">https://openresearchlibrary.org/content/b68a768c-aab0-4192-a1f0-7fd18a8c6228</a>
Public note View this content on Open Research Library.
-- 0
Holdings
Withdrawn status Lost status Source of classification or shelving scheme Damaged status Not for loan Home library Current library Shelving location Date acquired Total Checkouts Date last seen Uniform Resource Identifier Price effective from Koha item type
          Digital Library Digital Library Online Access 03.03.2021   03.03.2021 https://openresearchlibrary.org/content/b68a768c-aab0-4192-a1f0-7fd18a8c6228 03.03.2021 eBook

OPENING HOURS

Weekdays: 0815hrs - 1800hrs
Weekends:0900hrs - 1200hrs

Closed for Mass:

Mon, Thur: 1200hrs - 1300hrs
Sunday & Public Holiday’s

CALL SUPPORT

0242-570570, 0242-570169
09200664, +263 8644140602

LOCATION

18443, Cranborne Avenue, Hatfield, Harare

Other Links


©2021 | CUZ Library